000 00689nam a22002297a 4500
003 DO-SdBNP
005 20220523113229.0
007 ta
008 110301s2019 dr 000 0 spa d
020 _a9789945913576
040 _aDO-SdBNP
_bspa
_cBNPHU
082 4 _axxxx
_bV297m
100 1 _aVargas Peña, Daniel
_953018
245 1 0 _aMinutos para el pensamiento /
_cDaniel Vargas Peña ; presentación Alejandrina Germán
260 _aSanto Domingo :
_bImpresora Durán,
_c2019.
300 _a296 p. :
_c23 cm.
504 _aBibliografía p: 292-296
590 _aInventariado, 2022/ YL
700 1 2 _aGermán, Alejandrina
_epres.
_912096
910 _aYLockward
942 _2ddc
_cLBS1
999 _c51783
_d51783